The centrality of taxation to social policy (Record no. 514866)

000 -LEADER
fixed length control field 01574nam a22001577a 4500
008 - FIXED-LENGTH DATA ELEMENTS--GENERAL INFORMATION
fixed length control field 201225b ||||| |||| 00| 0 eng d
100 ## - MAIN ENTRY--PERSONAL NAME
Personal name Ruane, S. Collins, M.L and Sinfiled, A
245 ## - TITLE STATEMENT
Title The centrality of taxation to social policy
260 ## - PUBLICATION, DISTRIBUTION, ETC. (IMPRINT)
Place of publication, distribution, etc Social Policy and Society
300 ## - PHYSICAL DESCRIPTION
Extent 19(3), Jul, 2020: p.437-453
520 ## - SUMMARY, ETC.
Summary, etc The article reviews the limited existing social policy literature on taxation and sets out a case for the incorporation of the study of taxation into the accepted remit of social policy. Social policy has historically been concerned with the services and benefits which flow from public expenditure, and people’s experiences of them, rather than with taxation and the contributions by individual researchers have tended to remain marginal to the main focus of social policy. The article offers a speculative account as to why taxation has remained peripheral to social policy and presents three arguments for the mainstreaming of tax in social policy’s domain of study. These concern the role of taxation in shaping the distribution of resources, a fundamental pre-occupation of social policy; the contribution social policy scholars can make to shaping a new discourse surrounding taxation, foregrounding issues of equity and need; and how social policy’s engagement with taxation can influence the politics of the welfare state. - Reproduced


650 ## - SUBJECT ADDED ENTRY--TOPICAL TERM
Topical term or geographic name as entry element Taxation, Social policy, Distrbution, Pre-distrbution, Tax expenditure
9 (RLIN) 19851
773 ## - HOST ITEM ENTRY
Main entry heading Social Policy and Society
906 ## - LOCAL DATA ELEMENT F, LDF (RLIN)
Subject DIP TAXATION
942 ## - ADDED ENTRY ELEMENTS (KOHA)
Item type Articles
Holdings
Withdrawn status Lost status Source of classification or shelving scheme Damaged status Not for loan Permanent location Current location Date acquired Serial Enumeration / chronology Barcode Date last seen Koha item type
          Indian Institute of Public Administration Indian Institute of Public Administration 2020-12-25 19(3), Jul, 2020: p.437-453 AR123745 2020-12-25 Articles

Powered by Koha